=LDR 00000nam 2200000 4500 =001 INLIS000000000027160 =005 20130612125545 =008 ***********************************Ind** =035 ##$$0010-061300000027160 =041 ##$$a Ind =082 ##$$a 372.3 =090 ##$$a 372.3, Woo p =100 ##$$a Woodford, Chris =245 ##$$a Penjelajah ruang angkasa drama ruang angkasa, Chris Woodford ; editor, Sarah Dougty =260 ##$$a 2007 $b Bandung =300 ##$$a 32 hlm, ilus, 29 cm =650 ##$$a Sain-Pendidikan dasar =700 ##$$a Doughty, Sara =850 ##$$a NBPNMAT =990 ##$$a 08110811 =990 ##$$a 20704295